00936nam a22002537a 450000500170000001000130001702000260003003500130005603700160006904000120008508200150009710000210011224501190013324600060025226000560025827000470031430000240036150000500038565000470043570000260048294200240050899900190053295201310055120170124105918.0 aB-091553 c600.00a9188121510745 aB-091553 bCen Lib/Ret aDPLbEN 2220.3bMAR aMargaret9106864 aA dictionary of hinduism :b its mithology, folklore and development 1500 BC-ad 1500 /cby Margaret, James Stutley b  bMunshiram Manoharlal Publishers c2002a New Delhi  a54, Rani Jhansi Road b New Delhi e110055 axx, 372p.c24cm(Hb) aincludes bibliographical references and index aReligionvDictionaries xHinduism 9106865 aStutley, James 99619 2ddccENh220.3mMAR c122940d122940 001040718REFaLbLd2015-06-01eCen Lib/Retg600.00l0o220.3 MARpB-091553r2015-06-01 00:00:00t1v600.00w2016-09-15yEN